Mata - 2039: ZŁOTE PIASKI - Statystyki

Ogólne statystyki
  • Ten quiz został rozwiązany 8 razy
  • Średni wynik to 9 z 13
Statystyki odpowiedzi
2039: ZŁOTE PIASKI % Poprawnych
KAMIKAZE
100%
O PÓŁNOCY
88%
LEMURY
75%
PALMA DE MALLORCA
75%
PRINCESS PASSENGER
75%
24g
63%
BAWIĘ SIĘ
63%
HOBBY
63%
BLOW UP THE ROOF
50%
FALOCHRONY
50%
MOMENT
50%
NAJLEPSZA W TYM KLUBIE
50%
outro
50%
Nie znaleziono quizów pasujących do podanych kryteriów
Rozkład punktacji
Procent ludzi z każdym wynikiem
Percentyl według liczby udzielonych odpowiedzi
Twoja historia wyników
Nie rozwiązałeś tego quizu